[Event "AUTO-BEG-132"]
[Site "http://www.queenalice.com/game.php?id=260692"]
[Date "2007.8.24"]
[Round "1"]
[White "welton"]
[Black "scottw"]
[Result "1-0"]
[WhiteElo "1296"]
[BlackElo "1147"]

1. e3 e5 2. Qh5 Nc6 3. Bc4 d5 4. Bf1 Nf6 5. Qd1 Bb4 6. c3 Bd6 7. b3 O-O 8. d4 e4
9. c4 Bg4 10. Be2 Nb4 11. Nc3 Bxe2 12. Ngxe2 Nd3+ 13. Kf1 Ng4 14. Rg1 Ngxf2 15.
Qd2 dxc4 16. bxc4 Bxh2 17. Nxe4 Re8 18. Nxf2 Re7 19. Qxd3 g6 20. Rh1 Bg3 21.
Nxg3 1-0

[Event "AUTO-BEG-132"]
[Site "http://www.queenalice.com/game.php?id=260693"]
[Date "2007.8.24"]
[Round "1"]
[White "scottw"]
[Black "pastor"]
[Result "0-1"]
[WhiteElo "1145"]
[BlackElo "1575"]

1. e4 e6 2. d4 d5 3. Nc3 Nf6 4. e5 Ne4 5. Bb5+ Bd7 6. Nf3 Bxb5 7. Nxb5 c6 8. O-O
cxb5 9. Bg5 Nxg5 10. Nd2 Nc6 11. Nb3 f6 12. Nc5 Bxc5 13. dxc5 fxe5 14. Qh5+ g6
15. Qh6 Qe7 16. Rfe1 Ne4 17. f3 Nxc5 18. f4 O-O-O 19. fxe5 Nb4 20. c3 Nc2 21.
Rac1 Nxe1 22. Rxe1 Nd3 23. Re2 Rhf8 24. Qe3 Qf7 25. Qxa7 Qf1# 0-1

[Event "AUTO-BEG-132"]
[Site "http://www.queenalice.com/game.php?id=260694"]
[Date "2007.8.24"]
[Round "1"]
[White "pastor"]
[Black "scottw"]
[Result "1-0"]
[WhiteElo "1474"]
[BlackElo "1153"]

1. e4 e5 2. Nf3 Nc6 3. Bc4 Nf6 4. Nc3 Bb4 5. O-O O-O 6. d3 d6 7. Bg5 Bg4 8. Nd5
Bc5 9. Nxf6+ gxf6 10. Bh4 Bxf3 11. Qxf3 Kh8 12. Bxf6+ Kg8 13. Qg3# 1-0

[Event "Game time."]
[Site "http://www.queenalice.com/game.php?id=260850"]
[Date "2007.8.24"]
[Round "-"]
[White "scottw"]
[Black "TruePunkLuvU"]
[Result "1-0"]
[WhiteElo "1134"]
[BlackElo "1209"]

1. e4 c6 2. d4 d5 3. e5 Be6 4. Bd3 b5 5. c3 g5 6. Bxg5 f6 7. exf6 Bh6 8. fxe7
Qd7 9. Bxh6 Nxh6 10. Nf3 Qd6 11. Ne5 Nf7 12. Qh5 Kxe7 13. Bxh7 Nxe5 14. dxe5 Qc5
15. b4 Qb6 16. O-O a5 17. a3 a4 18. Qg4 Bxg4 19. Re1 Rf8 20. Rf1 Nd7 21. Nd2
Nxe5 22. Rae1 Rg8 23. Rxe5+ Kd6 24. Rfe1 Qd4 25. cxd4 Rg6 26. Bxg6 Rf8 27. Bh5
Kd7 28. Bxg4+ Kd6 29. Re6+ Kc7 30. Re7+ Kd8 31. R7e6 Re8 32. Rxe8+ Kc7 33. R8e7+
Kb6 34. Re8 c5 35. dxc5+ Kc6 36. R1e6+ Kb7 37. c6+ Ka6 38. c7+ Ka7 39. c8=Q d4
40. Qc7# 1-0

[Event "RichardN"]
[Site "http://www.queenalice.com/game.php?id=267202"]
[Date "2007.9.5"]
[Round "2"]
[White "scottw"]
[Black "saturnin"]
[Result "0-1"]
[WhiteElo "1148"]
[BlackElo "1468"]

1. e4 e5 2. Nf3 Nc6 3. Bb5 d5 4. Nxe5 dxe4 5. Nxc6 bxc6 6. Bxc6+ Bd7 7. Bxa8
Qxa8 8. O-O Bc6 9. d3 Ne7 10. dxe4 Bxe4 11. Qe1 Bxg2 12. Bg5 Bxf1 13. Kxf1 h6
14. Bxe7 Bxe7 15. Nc3 O-O 16. Qxe7 Qh1+ 0-1

[Event "Challenge"]
[Site "http://www.queenalice.com/game.php?id=283089"]
[Date "2007.10.8"]
[Round "-"]
[White "Tourinho"]
[Black "scottw"]
[Result "1-0"]
[WhiteElo "1327"]
[BlackElo "1151"]

1. d4 d5 2. c4 c6 3. Nf3 Nf6 4. Bg5 dxc4 5. Nc3 b5 6. a4 b4 7. Na2 Ne4 8. Nxb4
Nxg5 9. Nxg5 e5 10. Qd2 Bxb4 11. Qxb4 Qxg5 12. dxe5 Qxe5 13. e3 c5 14. Qd2 Nc6
15. Rc1 O-O 16. Bxc4 Nb4 17. O-O Na2 18. Rc2 Qg5 19. Bxa2 Bh3 20. f4 Qg4 21.
Rxc5 Rfe8 22. Re1 Qxg2+ 23. Qxg2 1-0

[Event "AUTO-OPEN-679"]
[Site "http://www.queenalice.com/game.php?id=283766"]
[Date "2007.10.9"]
[Round "2"]
[White "scottw"]
[Black "Nabor"]
[Result "0-1"]
[WhiteElo "1157"]
[BlackElo "2087"]

1. e4 e5 2. Nf3 Nc6 3. Bb5 a6 4. Ba4 Nf6 5. O-O Nxe4 6. d4 b5 7. Bb3 d5 8. dxe5
Be6 9. Ng5 Nxg5 10. Bxd5 Qxd5 11. Bd2 Ne4 0-1

[Event "AUTO-OPEN-679"]
[Site "http://www.queenalice.com/game.php?id=283768"]
[Date "2007.10.9"]
[Round "2"]
[White "scottw"]
[Black "asantos82"]
[Result "0-1"]
[WhiteElo "1151"]
[BlackElo "1970"]

1. e4 e5 2. Nf3 Nf6 3. Nxe5 Qe7 4. d4 d6 5. Nf3 Nxe4 6. Be2 Bf5 7. O-O d5 8. Bf4
Nc6 9. Nbd2 O-O-O 10. c3 Kb8 11. Bb5 Qf6 12. Nb3 h5 13. c4 dxc4 14. Ne5 cxb3 15.
Qxb3 Nxd4 16. Qc4 Be6 0-1

[Event "AUTO-OPEN-679"]
[Site "http://www.queenalice.com/game.php?id=283769"]
[Date "2007.10.9"]
[Round "2"]
[White "asantos82"]
[Black "scottw"]
[Result "1-0"]
[WhiteElo "1970"]
[BlackElo "1149"]

1. e4 e5 2. Nf3 Nc6 3. Bc4 Bc5 4. d3 Nf6 5. Ng5 O-O 6. Nxf7 Rxf7 7. Bxf7+ Kxf7
8. Qf3 d5 9. Bg5 Nd4 10. Qd1 dxe4 11. dxe4 Bg4 12. Qd3 h6 13. Bxf6 Qxf6 14. Qc4+
Kg6 15. Qxc5 Bf3 16. gxf3 Nxf3+ 17. Ke2 Ng5 18. Nd2 1-0

[Event "Challenge"]
[Site "http://www.queenalice.com/game.php?id=288864"]
[Date "2007.10.18"]
[Round "-"]
[White "scottw"]
[Black "FENIX_RJ"]
[Result "0-1"]
[WhiteElo "1159"]
[BlackElo "1560"]

1. e4 Nc6 2. Nf3 e5 3. Bb5 Qf6 4. Nc3 Bc5 5. O-O Nge7 6. d3 Nd4 7. Nxd4 Bxd4 8.
Be3 c6 9. Bc4 d5 10. exd5 Nf5 11. Bxd4 Qg6 12. Bxe5 Nh4 13. g3 Bg4 14. Qe1 Nf3+
0-1

[Event "AUTO-OPEN-1037"]
[Site "http://www.queenalice.com/game.php?id=363589"]
[Date "2008.3.1"]
[Round "1"]
[White "HelderNanques"]
[Black "scottw"]
[Result "1-0"]
[WhiteElo "2033"]
[BlackElo "1204"]

1. e4 e5 2. Nf3 Nc6 3. Bc4 Bc5 4. Nc3 Nf6 5. d3 d6 6. Be3 Bb6 7. Ng5 O-O 8. Nf3
Bxe3 9. fxe3 Na5 10. Bb3 Ng4 11. Qe2 Nxb3 12. axb3 Qe7 13. O-O 1-0

[Event "AUTO-OPEN-1037"]
[Site "http://www.queenalice.com/game.php?id=363590"]
[Date "2008.3.1"]
[Round "1"]
[White "scottw"]
[Black "HelderNanques"]
[Result "0-1"]
[WhiteElo "1202"]
[BlackElo "2035"]

1. e4 e6 2. d4 d5 3. Nc3 Nf6 4. e5 Nfd7 5. f4 c5 6. Nf3 Nc6 7. Be3 cxd4 8. Nxd4
Bc5 9. Qd2 Qb6 10. Na4 Bb4 11. c3 Qa5 12. cxb4 Qxa4 13. Rd1 Qxb4 0-1